Die Fledermaus Operette in drei Acten : Klavierauszug mit Text /

Hlavní autor: Strauss, Johann, 1825-1899
Další autoři: Genée, Richard, 1823-1895
Jazyk: Němčina
Vydáno: Leipzig : Aug. Cranz, [1900?]
Fyzický popis: 1 klavírní výtah (168 s.)
Hudebniny Hudebniny
Uloženo v:
LEADER 00850ncm a22002172a 4500
001 001472932
003 CZ BrMZK
005 20150527135329.0
007 qu
008 980105s1900 gw f ger d
040 |a BOA001  |b cze 
072 7 |a 782  |x Divadelní hudba. Opera, opereta, muzikál  |2 Konspekt  |9 9 
100 1 |a Strauss, Johann,  |d 1825-1899  |7 jn19990008309  |4 cmp 
245 1 4 |a Die Fledermaus  |h [hudebnina] :  |b Operette in drei Acten : Klavierauszug mit Text /  |c Musik von Johann Strauss ; Gesangs-Text von Richard Genée 
260 |a Leipzig :  |b Aug. Cranz,  |c [1900?] 
300 |a 1 klavírní výtah (168 s.) 
700 1 |a Genée, Richard,  |d 1823-1895  |7 jn20020726494  |4 lbt 
910 |a BOA001  |b Mus4-0233.901-1900 
990 |a MU 
991 |b 201505 
996 6 |b 2619876733  |c Mus4-0233.901-1900  |l MZK  |r Sklad / do 1 hodiny  |n 0  |w 001507967  |u 000010  |a 1  |e BOA001  |j MZK50  |s P